She Knows - J. Cole Feat. Amber Coffman & Cults - All Lyrics - Statistics

General Stats
  • This quiz has been taken 120 times
  • The average score is 415 of 630
Answer Stats
Answer % Correct
She
97%
she
97%
I
96%
I),
96%
I,
96%
I)
96%
(I
96%
know
96%
ayy
94%
knows
94%
knows,
94%
a
91%
A
91%
huh
90%
(Oh,
90%
oh,
90%
Oh,
90%
oh-oh)
90%
(Oh-oh-oh,
90%
oh-oh-oh,
90%
(Uh)
90%
uh
90%
n***a?
88%
n****s
88%
N****s
88%
ya
86%
And
83%
and
83%
to
83%
To
83%
you
79%
You
79%
the
78%
do,
76%
do
76%
in
76%
In
76%
so
76%
On
73%
on
73%
up
71%
up,"
71%
up"
71%
die
70%
die)
70%
me
70%
me,
70%
as
67%
see
67%
Aaliyah
66%
Bad
66%
bad
66%
peace
66%
Rest
66%
just
65%
Just
65%
want?
65%
want
65%
want,
65%
what
65%
What
65%
What,
65%
be
64%
got
64%
Got
64%
Jackson,
64%
soon
63%
thing
63%
thing,
63%
I'll
62%
Michael
62%
that
62%
back
61%
if
61%
for
60%
Left
60%
(Left
60%
don't
59%
from
59%
get
59%
love
59%
of
59%
Eye
57%
Eye)
57%
is
57%
pie,
57%
pie
57%
apple
56%
try
56%
bitch
55%
can't
55%
Damned
55%
damned
55%
high,
55%
piece
55%
But
54%
but
54%
down
54%
down,
54%
tryin'
54%
Trying
54%
girl
53%
it,
53%
they
53%
hoes
52%
home
51%
man,
51%
man
51%
say,
50%
things
50%
things,
50%
happen
49%
star,
49%
star
49%
your
49%
alright)
48%
alright,
48%
alright
48%
I'm
48%
Only
48%
sayin'
48%
people
47%
about
46%
'bout
46%
burn
46%
'em
46%
run,
46%
run
46%
Run
46%
Run,
46%
shit,
46%
(Shit),
46%
This
46%
this
46%
whatever
46%
bitches
45%
them
45%
(Well,
45%
Well,
45%
well,
45%
away
44%
away,
44%
away-,
44%
King
44%
my
44%
Now
44%
now
44%
these
44%
find
43%
Luther
43%
club,
41%
Martin
41%
ring
41%
deep
40%
dick
40%
put
40%
With
40%
with
40%
some
39%
above
38%
Heaven
38%
his
38%
mind
38%
right
38%
sing
38%
"Turn
38%
'Cause
35%
DMX
35%
honestly
35%
never
35%
praying
35%
yourself
35%
getting
34%
not
34%
Coretta
33%
Mos
33%
much
33%
those
33%
Def,
32%
had
32%
heard
32%
black
31%
BMX
31%
gonna
31%
sympathy
31%
come
30%
her
30%
always
29%
dubs,
29%
sure
29%
ear,
28%
other
28%
done
27%
saw
27%
coming
26%
young
26%
Good,
24%
suppo'
24%
could
23%
fire
23%
pretty
23%
sleep
23%
tricking
23%
was
23%
pants
22%
passing
22%
same
22%
Kweli
21%
doing
20%
told
20%
cho'
16%
Show
16%
creep
14%
vibe
13%
color
12%
Dancehall
12%
No matching quizzes found
Score Distribution
Percent of People with Each Score
Percentile by Number Answered
Your Score History
You have not taken this quiz